000 01337cam a22001814a 4500
005 20250605164355.0
008 250528s ||||||||||||||||||||||||d
035 _a24273
040 _aGR-AtMCL
_bgre
_dGR-AtMCL
_eAACR2
245 1 _aΧρήμα / Τυχερά Παίγνια: Λαμπρό το Μέλλον για την Ελληνική Αγορά
260 _bEthos Media,
_c2021
300 _a80
520 _aΕπαγγελματικά Ταμεία: H 'Επόμενη Ημέρα' της Επαγγελματικής Ασφάλισης, Βιομηχανία Τροφίμων και Ποτών: Πυλώνας Στήριξης και Ανάπτυξης, Εξαγωγές: Ανθεκτικές οι Ελληνικές Εξαγωγές, Πράσινη Χρηματοδότηση: Φθηνά Δάνεια για Πράσινες Επενδύσεις, Auto Forum: Τα Επόμενα Βήματα για τον 'Εξηλεκτρισμό' της Αυτοκίνησης, Εν Αρχή: ¨Ταμείο Ανάκαμωης - 'Ωδίνες' πριν τις Εκταμιεύσεις, Ανάλυση VRS: Digital Realty, Δια Ταύτα: Οφέλη για Ελληνικούς Ομίλους από το 'Biden's 2T Package.
700 1 _aΟυζούνη Κωνσταντίνος
_99441
942 _cCR
999 _c9163
_d9163